00971cam a22002417a 4500003000500000005001700005008004100022010001000063011001000073035001000083040000900093100004200102245021500144260004100359300003100400502009900431650005400530650003400584650003500618650002100653650002300674700003200697CHAP20220329141835.0971202d1997 mx r 00110 spa d a74641 a75613 a85179 cCHAP00aAvalos de la Cruz, María Guadalupe.10aCanales y márgenes de comercialización del sorgo (Sorghum sp), en el Distrito de Desarrollo Rural No. 157, San Fernando Tamaulipas, Méxicoc/por Ma. Guadalupe Avalos de la Cruz y Gilberto Serna Zúñiga aChapingo, Méx. :bEl autor,c1997. a79 h. :bgráfs. ; anexos aTesis (Ing. Agr. Esp. en Economía Agrícola) -- UACH. Departamento de Economía Agrícola14aDistrito de Desarrollo Rural San Fernando, Tamps.14aSorgoxAspectos económicos.14aSorgoxCostos de producción.14aSorgoxMercadeo.14aSorgoxTamaulipas.0 aSerna Zúñiga, Gilberto.